Statistics for Cities in the Northern Front Range on a Map

Click here to take the quiz!

General Stats

  • This quiz has been taken 81 times
  • The average score is 15 of 38

Answers on the Map

Answers color-coded by a green-red scale on the quiz's map according to % correct below.
Loading ...
 

Answer Stats

City% Correct
Fort Collins
93%
Boulder
91%
Greeley
81%
Loveland
79%
Longmont
76%
Windsor
58%
Louisville
51%
Erie
49%
Berthoud
48%
Niwot
48%
Firestone
46%
Lafayette
43%
Wellington
43%
Johnstown
42%
Ault
40%
Timnath
39%
Laporte
37%
Gunbarrel
37%
Dacono
37%
Evans
36%
Severance
34%
Mead
34%
Superior
34%
Frederick
34%
Fort Lupton
30%
Nunn
28%
Garden City
25%
Milliken
25%
Eaton
25%
Pierce
24%
Platteville
24%
La Salle
22%
Kersey
19%
Hudson
18%
Eldorado Springs
16%
Keenesburg
15%
Gilcrest
15%
Aristocrat Ranchettes
7%

Score Distribution

Percentile by Number Answered

Percent of People with Each Score

Your Score History

You have not taken this quiz